000
00303nam a2200133Ia 4500
005
20251222155110.0
008
251222s9999||||xx |||||||||||||| ||spa||
082
_a
EMI.18
100
_a
N.A. DIDONA
245
0
_a
EnfermerÃa Maternal
250
_a
1ra. ed.
264
_b
McGraw-Hill Int.
942
_c
LIB
999
_c
38008
_d
38008